Chansons les plus streamées : Céline Dion (en français) - Statistiques

Statistiques générales
  • Ce quiz a été pris 270 fois
  • Le résultat moyen est 6 sur 10
Statistiques - réponses
Nb de streams Chanson % Correct
143 500 000 Pour que tu m'aimes encore
90%
102 000 000 J'irai où tu iras (avec Jean-Jacques Goldman)
88%
25 500 000 Parler à mon père
67%
40 000 000 S'il suffisait d'aimer
67%
38 000 000 Encore un soir
65%
77 500 000 Sous le vent (avec Garou)
62%
30 000 000 Prière païenne
55%
27 500 000 D'amour ou d'amitié
51%
28 000 000 Je sais pas
42%
35 500 000 On ne change pas
39%
Aucun quiz correspondant
Distribution des résultats
% des personnes avec chaque résultat
Percentile par nombre de réponses
Votre historique - résultats
Vous n’avez pas pris ce quiz